00592nam a2200169 i 4500001000700000003000900007005001700016007000300033008004100036100003600077245015200113260006800265300002100333502002000354650002300374852002500397109885ES-MaACL20230906184932.0t|061121s1909 sp r ||||1| spa d1 aOnís, Federico de,d1885-196610aContribución al estudio del dialecto leonés b: examen filológico de algunos documentos de la cátedral de Salamanca / cFederico de Onís. aSalamanca : b[s.n.], c1909 (fImp. de F. Núñez Izquierdo) a93 p. ; c21 cm. aTesis doctoral. 4aDialecto leonés. aES-MaACLjT-1200-F-4